000 00519nam a2200205Ia 4500
001 12388
003 GE_BSU
008 181216s||||||||xx |||||||||||||| ||und||
040 _cGE_BSU
080 _a581.11
100 _aСлейчер,Р.
245 _aВоднывй режим растении
245 _cРед.М.Г.Дунина
260 _aМосква
260 _bмир
260 _c1970
300 _a365стр.илл.22см.
653 _aВоднывй режим растении
942 _cBK
999 _c45562
_d45562